Top 10 most given names in Kosovo - Statistics

General Stats
  • This quiz has been taken 29 times
  • The average score is 2 of 10
Answer Stats
Ranking Number Name % Correct
1st 8 626 women Fatime
36%
6th 5 207 men Valon
23%
8th 5 114 men Arben
18%
2nd 6 324 men Bajram
18%
4th 5 470 men Bekim
18%
7th 5 180 men Egzon
14%
10th 5 047 men Muhamet
14%
5th 5 226 women Afërdita
9%
3rd 5 622 women Emine
9%
9th 5 110 men Ramadan
9%
No matching quizzes found
Score Distribution
Percent of People with Each Score
Percentile by Number Answered
Your Score History
You have not taken this quiz